000 00890naa a22002657a 4500
001 BR7701975
003 BR-BrBNA
005 20240918173934.0
007 ta
008 230509b bl.||||| |||| 00| 0 por d
040 _aBR-BrBNA
_bpor
_cBiblioteca Nacional de Agricultura
041 _a(Pt)
072 _aF50
090 _aF50 BR7701975
100 1 _aAlvim, A.L.
245 1 _aBotanica da semente [morfologia vegetal]
260 3 _aLavras, MG (Brasil):
_c1977.
500 _aImportancia das sementes - 1. Curso em tecnologia de sementes Lavras, MG (Brasil): 1977. p. 42-59 (BR7701975-AM)F50
650 _aSEMENTE
650 _aESTRUTURA VEGETAL
650 _aMORFOLOGIA VEGETAL
773 0 _tImportancia das sementes - 1. Curso em tecnologia de sementes
_b
_wF50 BR7701975
_gLavras, MG (Brasil), 1977. p. 42-59
909 _a202404
_bLucia
_c55
_dLucia Elande
942 _cAM
_2AGRIS
999 _c307825
_d307825